LDR 00600naa#a2200169#i#450# 001 EN\\bibl\121042 005 20260515112749.5 011 ## _a1998-6785 100 ## _a20220921b2022####ek#y0engy0150####ca 102 ## _aRU 200 1# _aRecreational resources of the Russian Far East and the problems of their rational use _eJournal article 210 1# _aVladivostok _cVladivostok State University _d2022 215 ## _a9 с. 608 ## _aJournal article _2local 675 ## _aЗагрязнение атмосферы. Загрязнение воздуха. 504.3.054 _z 700 #1 _aNaumov _gYurij A. 856 4# _aojkum.editorum.ru _u